| 000 | 00939cam a2200349 4500 | ||
|---|---|---|---|
| 001 | J1547 | ||
| 008 | 090401t1993 xxu||||| |||| 00| 0 eng d | ||
| 035 | _a(Sirsi) u44150 | ||
| 041 | _aeng | ||
| 050 | _a332.6324094 | ||
| 110 |
_aHealey and Baker _91907 |
||
| 245 | _a1993 European investment report: a guide to real estate investment. | ||
| 260 |
_aLondon _bHealey and Baker _c1993 |
||
| 300 | _a32p. ; 30cm. | ||
| 350 | _a0 | ||
| 520 | _aText in English, French, Spanish, Italian, German and Dutch. | ||
| 650 | _aAUSTRIA | ||
| 650 | _aBELGIUM | ||
| 650 | _aCHANNEL ISLANDS | ||
| 650 | _aEUROPE | ||
| 650 | _aFRANCE | ||
| 650 | _aGERMANY | ||
| 650 | _aIRELAND | ||
| 650 | _aITALY | ||
| 650 | _aNETHERLANDS | ||
| 650 | _aPORTUGAL | ||
| 650 | _aPROPERTY INVESTMENT | ||
| 650 | _aSPAIN | ||
| 690 | _aPROPERTY-COMMERCIAL PROPERTY-COMMERCIAL PROPERTY FINANCE AND INVESTMENT | ||
| 942 | _n0 | ||
| 948 | _c04/03/1997 | ||
| 999 |
_c91450 _d91450 |
||